Star Academy - Tous les vainqueurs de l'émission - Statistiques

Statistiques générales
  • Ce quiz a été pris 397 fois
    39 depuis la dernière actualisation
  • Le résultat moyen est 10 sur 13
Statistiques - réponses
Saisons Vainqueurs % Correct
Saison 4 Grégory Lemarchal
100%
Saison 1 Jenifer
100%
Saison 11 Pierre Garnier
100%
Saison 12 Marine Delplace
97%
Saison 13 Ambre Jadah
91%
Saison 2 Nolwenn Leroy
88%
Saison 3 Élodie Frégé
81%
Saison 10 Anisha Jo
78%
Saison 5 Magalie Vaé
78%
Saison 7 Quentin Mosimann
75%
Saison 6 Cyril Cinélu
59%
Saison 9 Laurène Bourvon
38%
Saison 8 Mickels Réa
38%
Aucun quiz correspondant
Distribution des résultats
% des personnes avec chaque résultat
Percentile par nombre de réponses
Votre historique - résultats
Vous n’avez pas pris ce quiz depuis la dernière actualisation